01479nam a2200361Ia 4500001001200000003000800012006001900020007001500039008004100054010001700095020001800112020003300130020004000163040002100203035002000224050002300244082001200267100002600279245012600305260004800431300002400479490004100503504006400544533015200608650003400760650004500794650003200839650003200871655002900903710001700932830004200949856012600991ebr10278097CaPaEBRm u cr cn|||||||||960416s1997 nyua sb 001 0 eng d z 96018432  z9780195080551 z0195080548 (acid-free paper) z0195080556 (pbk. : acid-free paper) aCaPaEBRcCaPaEBR a(OCoLC)7686935514aPC119b.Z36 1997eb04a4402201 aZanuttini, Raffaella.10aNegation and clausal structureh[electronic resource] :ba comparative study of Romance languages /cRaffaella Zanuttini. aNew York :bOxford University Press,c1997. axiv, 201 p. :bill.1 aOxford studies in comparative syntax aIncludes bibliographical references (p. 185-194) and index. aElectronic reproduction.bPalo Alto, Calif. :cebrary,d2011.nAvailable via World Wide Web.nAccess may be limited to ebrary affiliated libraries. 0aRomance languagesxNegatives. 0aRomance languagesxGrammar, Comparative. 0aRomance languagesxClauses. 0aItalian languagexDialects. 7aElectronic books.2local2 aebrary, Inc. 0aOxford studies in comparative syntax.40uhttp://site.ebrary.com/lib/rucke/Doc?id=10278097zAn electronic book accessible through the World Wide Web; click to view